Cuatro Vientos I. Espacio de pensamiento alternativo
Guardat en:
| Autor principal: | |
|---|---|
| Format: | Llibre |
| Idioma: | espanyol |
| Publicat: |
Santiago
Cuatro Vientos
1982
|
| Matèries: | |
| Etiquetes: |
Afegir etiqueta
Sense etiquetes, Sigues el primer a etiquetar aquest registre!
|
MARC
| LEADER | 00000nam a2200000 a 4500 | ||
|---|---|---|---|
| 001 | UCU1146 | ||
| 003 | CL-VaPUC | ||
| 008 | 960329e19820000CL |||||||||||||||||spa|d | ||
| 082 | 0 | 4 | |a 301 |b HUN |2 21 |
| 100 | |a Huneeus Cox, Francisco |e author |9 549948 | ||
| 245 | 1 | 0 | |a Cuatro Vientos I. Espacio de pensamiento alternativo |
| 300 | |a 173 p | ||
| 942 | |c BK | ||
| 945 | |d 19960329 00:00:00 |a paguirre | ||
| 260 | |a Santiago |b Cuatro Vientos |c 1982 | ||
| 650 | 0 | |a Sociología |9 255410 | |
| 650 | 0 | |a Medios de comunicación de masas |9 257273 | |
| 650 | 0 | |a Lingüística |9 265068 | |
| 650 | 0 | |a Energía |9 259431 | |
| 650 | 0 | |a Ecología |9 258124 | |
| 650 | 0 | |a Cambio social |9 256857 | |
| 583 | |a last modification |c 19960329 00:00:00 |k Rodrigo Vera | ||
| 999 | |c 245874 |d 245872 | ||
| 952 | |0 0 |1 0 |4 0 |6 301_000000000000000_HUN_1982 |7 0 |8 P |9 260492 |a BIBEDU |b BIBEDU |c BIBEDU_PB |d 2019-11-19 |i 1517546 |o 301 HUN 1982 |p 1517546 |r 2024-01-25 |w 2019-11-19 |y BK |k EDU | ||
| 952 | |0 0 |1 0 |4 0 |6 301_000000000000000_HUN_1982 |7 0 |8 P |9 260493 |a BIBEDU |b BIBEDU |c BIBEDU_PB |d 2019-11-19 |i 1517562 |o 301 HUN 1982 |p 1517562 |r 2024-01-25 |w 2019-11-19 |y BK |k EDU | ||